000 00443nam a2200157 a 4500
005 20210223124655.0
008 020821s1994 mx r 000 0 spa d
035 _aUPN01000118433
049 _aC
050 4 _aAG600
_bC37
245 0 0 _aCatálogo de bancos de información.
260 _aMéxico :
_bCONACYT :
_bSECOBI,
_c1994.
300 _a194 p.
650 4 _aSISTEMAS DE ALMACENAMIENTO Y RECUPERACION DE INFORMACION
_96288
905 _aLibro
999 _c90808
_d90808